|
|
|
|
| LEADER |
01287nam a22003612a 4500 |
| 001 |
000198598 |
| 003 |
CZ BrMZK |
| 005 |
20080424202754.0 |
| 007 |
ta |
| 008 |
950101s1983 xr a f cze d |
| 015 |
|
|
|a cnb000003070
|
| 020 |
|
|
|q (Brož.) :
|c 18 Kčs
|
| 035 |
|
|
|a (OCoLC)14241059
|
| 040 |
|
|
|a BOA001
|b cze
|
| 080 |
9 |
|
|a 908.410
|
| 080 |
9 |
|
|a 885.0-4
|
| 080 |
9 |
|
|a 885.0-992
|
| 100 |
1 |
|
|a Rovenský, Dušan,
|d 1928-2017
|7 jk01102893
|4 aut
|4 pht
|
| 245 |
1 |
0 |
|a Tartany a bílé útesy /
|c Dušan Rovenský ; fot. autor a Oldřich Karásek
|
| 250 |
|
|
|a 1. vyd.
|
| 260 |
|
|
|a Praha :
|b Panorama,
|c 1983
|
| 300 |
|
|
|a 197 s., [16] s. barev. obr. příl. :
|b il. ;
|c 19 cm
|
| 490 |
1 |
|
|a Cesty
|
| 500 |
|
|
|a 21300 výt.
|
| 600 |
0 |
7 |
|a Velká Británie
|2 czenas
|
| 700 |
1 |
|
|a Karásek, Oldřich,
|d 1939-2006
|7 jn99240000426
|4 pht
|
| 830 |
|
0 |
|a Cesty (Panorama)
|0 s
|
| 856 |
4 |
1 |
|u http://www.digitalniknihovna.cz/mzk/uuid/uuid:a62e6a30-9e0d-11e3-8e84-005056827e51
|y Digitalizovaný dokument
|x NDK
|
| 910 |
|
|
|a BOA001
|b 1-0864.800
|
| 990 |
|
|
|a BK
|
| 991 |
|
|
|b 200804
|
| 996 |
6 |
|
|b 2610597645
|c 1-0864.800
|l MZK
|r Sklad / do 1 hodiny
|n 0
|p dar
|w 000198598
|u 000020
|a 1
|e BOA001
|j MZK50
|s P
|
| 996 |
7 |
|
|b 2619927558
|c 1-0864.800
|l MZK
|r Sklad / do 1 hodiny
|n 2
|p p.v.
|w 000198598
|u 000010
|a 1
|e BOA001
|j MZK50
|s A
|